|
|
|
|
| LEADER |
00000nam0a2200000 4500 |
| 001 |
190648 |
| 005 |
20231101224310.0 |
| 010 |
|
|
|b 10000 экз.
|
| 035 |
|
|
|a (RuTPU)RU\TPU\book\207824
|
| 035 |
|
|
|a RU\TPU\tpu\3685
|
| 090 |
|
|
|a 190648
|
| 100 |
|
|
|a 20110127d1932 k y0rusy50 ca
|
| 101 |
0 |
|
|a rus
|
| 102 |
|
|
|a RU
|
| 105 |
|
|
|a a z 000zy
|
| 200 |
1 |
|
|a Охлаждение циркуляционных вод
|f И. Н. Бутаков
|
| 210 |
|
|
|a Москва
|c Энергоиздат
|d 1932
|
| 215 |
|
|
|a 56 с.
|c ил.
|
| 316 |
|
|
|5 63413507: ШкА/2444
|a На обложке дарственная надпись: "В Библиотеку втузов г. Томска от автора. 29.09.33 г. Томск"
|
| 316 |
|
|
|5 63413507: М-132569
|a На обложке дарственная надпись: "Е. Н. Шадрину от автора. 28.12.47 г. Томск"
|
| 317 |
|
|
|5 63413507: М-133764
|a Поступила в НТБ в 1970 г. в составе книжного собрания профессора ТПИ И. Н. Бутакова
|
| 317 |
|
|
|5 63413507: М-133765
|a Поступила в НТБ в 1970 г. в составе книжного собрания профессора ТПИ И. Н. Бутакова
|
| 317 |
|
|
|5 63413507: М-132569
|a Поступила в НТБ в 1970 г. в составе книжного собрания профессора ТПИ И. Н. Бутакова
|
| 606 |
1 |
|
|a Паровые машины
|2 stltpush
|3 (RuTPU)RU\TPU\subj\48239
|9 67116
|
| 610 |
1 |
|
|a энергетика
|
| 610 |
1 |
|
|a труды учёных ТПУ
|
| 610 |
1 |
|
|a дарственная надпись
|
| 610 |
1 |
|
|a библиотека И. Н. Бутакова
|
| 610 |
1 |
|
|a охлаждающие установки
|
| 610 |
1 |
|
|a охладители
|
| 610 |
1 |
|
|a коллекция ТПУ
|
| 610 |
1 |
|
|a дары автора
|
| 610 |
1 |
|
|a дары библиотеке
|
| 675 |
|
|
|a 621.1
|v 3
|
| 700 |
|
1 |
|a Бутаков
|b И. Н.
|c ученый-теплотехник
|c профессор Томского политехнического института
|f 1881-1970
|g Иннокентий Николаевич
|2 stltpush
|3 (RuTPU)RU\TPU\pers\18396
|
| 801 |
|
0 |
|a RU
|b 63413507
|c 20011210
|g PSBO
|
| 801 |
|
2 |
|a RU
|b 63413507
|c 20191120
|g PSBO
|
| 942 |
|
|
|c BK
|